000 00321nam a2200109Ia 4500
001 1265808
005 20260417142034.0
008 260417s9999 xx 000 0 und d
020 _a9786256126657
245 0 _aOtel Gören Defterler 2: Yazının Epik Resmi Çekildiği Sırada
_cNuri Pakdil
260 _bKetebe Yayınları
999 _c1265808
_d1265808